The apabhramsa of Svayambhudeva's paumacariu / (Record no. 42830)

MARC details
000 -LEADER
fixed length control field 00757nam a22002177a 4500
005 - DATE AND TIME OF LATEST TRANSACTION
control field 20100821113821.0
010 ## - LCCN (DPL NO)
LC control number ENG-101185
020 ## - INTERNATIONAL STANDARD BOOK NUMBER
International Standard Book Number 9788188769469
Terms of availability 180.00
035 ## - SYSTEM CONTROL NUMBER
System control number EN-84718
037 ## - SOURCE OF ACQUISITION
Source of stock number/acquisition DBAD/PUB
082 ## - DEWEY DECIMAL CLASSIFICATION NUMBER
Classification number 414
100 ## - MAIN ENTRY--PERSONAL NAME
Personal name Clercq, Eva de
245 ## - TITLE STATEMENT
Title The apabhramsa of Svayambhudeva's paumacariu /
Statement of responsibility, etc by Eva De Clercq
260 ## - PUBLICATION, DISTRIBUTION, ETC. (IMPRINT)
Place of publication, distribution, etc Mumbai
Name of publisher, distributor, etc Hindi Granth Karyalay
Date of publication, distribution, etc 2010
270 ## - ADDRESS
Address 9 Hirabaug, C.P. Tank
City Mumbai
Postal code 400004
300 ## - PHYSICAL DESCRIPTION
Extent 108p.
Dimensions 22cm (pbk)
490 ## - SERIES STATEMENT
Series statement Pandit Nathuram premi research series Volume 17
-- 16767
500 ## - GENERAL NOTE
General note Includes index
942 ## - ADDED ENTRY ELEMENTS (KOHA)
Source of classification or shelving scheme Dewey Decimal Classification
Item type English Books
Classification part 414
Call number suffix CLE
Holdings
Withdrawn status Lost status Not for loan Collection code Home library Current library Date acquired Source of acquisition Cost, normal purchase price Full call number Barcode Copy number Cost, replacement price Koha item type
    Not For Loan Non-fiction D.B.Act.Division D.B.Act.Division 21/08/2010 DBAD/PUB 180.00 414 CLE EN-84718 1 180.00 English Books

© Delhi Public Library
Hit Counter
free hit counter